<?xml version="1.0" encoding="UTF-8"?>
<collection xmlns:xsi="http://www.w3.org/2001/XMLSchema-instance" xsi:schemaLocation="http://www.loc.gov/MARC21/slim http://www.loc.gov/standards/marcxml/schema/MARC21slim.xsd" xmlns="http://www.loc.gov/MARC21/slim">
 <record>
  <leader>00000ctm a22000004a 4500</leader>
  <controlfield tag="001">UP-1685523046125441358</controlfield>
  <controlfield tag="003">Buklod</controlfield>
  <controlfield tag="005">20230503092606.0</controlfield>
  <controlfield tag="006">a     r    |||| u|</controlfield>
  <controlfield tag="007">ta</controlfield>
  <controlfield tag="008">071031s        xx     d     r    |||| u|</controlfield>
  <datafield tag="035" ind1=" " ind2=" ">
   <subfield code="a">(iLib)UPMNL-00000056577</subfield>
  </datafield>
  <datafield tag="090" ind1=" " ind2=" ">
   <subfield code="a">LG 996 1999 N8</subfield>
   <subfield code="b">B34</subfield>
  </datafield>
  <datafield tag="100" ind1="1" ind2=" ">
   <subfield code="a">Balabagno, Araceli O.</subfield>
  </datafield>
  <datafield tag="245" ind1="1" ind2="0">
   <subfield code="a">Functional health performance outcomes of compliance to home instruction program after myocardial infarction</subfield>
   <subfield code="c">Araceli Ocampo Balabagno.</subfield>
  </datafield>
  <datafield tag="300" ind1=" " ind2=" ">
   <subfield code="a">134 leaves</subfield>
   <subfield code="b">ill.</subfield>
   <subfield code="c">28 cm.</subfield>
  </datafield>
  <datafield tag="502" ind1=" " ind2=" ">
   <subfield code="a">Thesis (Doctor of Philsophy in Nursing) -- (University of the Philippines Manila)</subfield>
  </datafield>
  <datafield tag="520" ind1=" " ind2=" ">
   <subfield code="a">During the transition from hospital to the home setting, clients had expressed need for care because of the overwhelming experience brought about by the physical, physiologic, psychosocial and emotional effects of myocardial infarction.~~~~The home instruction progrm and scheduled home visits were prescribed to address the client's needs.  The intervention was based on the concepts of interaction, goal setting and information support.  By increasing the quality of interaction between the client, the nurse and significant others, successful adjustment and recovery will be attained and functional health performance will improve.  Functional health performance was defined in terms of the weighted scores of quality of life, perceived exertion to walking and treadmill exercise test scores.</subfield>
  </datafield>
  <datafield tag="520" ind1=" " ind2=" ">
   <subfield code="a">The one group pretest-posttest research design was used.  Homogeneity of the group was established.  For data analysis, the t-test was used when comparing two groups and ANOVA when more than two groups were compared.  The significance level was set at 0.05.  Multiple regerssion techniques were used but none of the variables studied were predictive of the dependent variable functional health performance.  Data from focus group discussions were analyzed and categorized into themes.  Triangulation of data was done as a confirmation of the quantitative findings. Cautious interpretation of the findings ismwarranted, although it is consistent with the literature.  There were limitations to the study brought about by the limited sample size.~~~~The objectives of the study were: 1) to determine the functional health performance outcomes of myocardial infarction clients on compliance to home instruction program; 2) to determine the relationship between and among the following variables: age, marital status, years of education, occupation, family structure, ethnic background, type of myocardial infarction, number of cardiac drugs, and compliance to home instruction program, and functional health performance; 3) to describe the dynamics accounting for successful adherence to home instruction program; and 4) to describe the experiences of nurses providing home instruction program to clients after myocardial infarction.</subfield>
  </datafield>
  <datafield tag="520" ind1=" " ind2=" ">
   <subfield code="a">Thirty male clients with mean age of 53.43 years participated in the study.  Ninety percent were married and 70% were gainfully working.  The mean years of education was 8.7. Majority (60%) spoke a combination of Tagalog and other dialects.  The family structure was nuclear (66.7%). Ninety percent of the clients had transmural type of myocardial infarction.  The mean number of cardiac medication was 4.5 (SD 0.87), with a mean daily cost of P 67.22.  The clients who completed the study were generally compliant and attained significant functional health performance scores (p=0.00066).  These were supported by better performance in treadmill exercise tests (p=0.00016) and perceived comfortable challenge in walking activity.  There were interacting factors to explain the significance in functional health performance.  Compliance alone did not explain the improvement in performance.  Compliance was influenced by the education level of the client (0.0439).  The younger age group (&lt; 55 years) and older group (&gt;65 years) adhered better to the instruction program.  The spouses were identified were identified as the primary caregiver of the client in the home.~~~~The instrumental support in the form of home instruction program and home visits gradually improved the quality of the increasing ...</subfield>
  </datafield>
  <datafield tag="650" ind1=" " ind2="0">
   <subfield code="a">Home care services.</subfield>
  </datafield>
  <datafield tag="650" ind1=" " ind2="0">
   <subfield code="a">Cooperative behavior.</subfield>
  </datafield>
  <datafield tag="650" ind1=" " ind2="0">
   <subfield code="a">Patient compliance.</subfield>
  </datafield>
  <datafield tag="650" ind1=" " ind2="0">
   <subfield code="a">Functional health.</subfield>
  </datafield>
  <datafield tag="852" ind1="0" ind2=" ">
   <subfield code="a">UPMNL</subfield>
   <subfield code="b">NURS</subfield>
   <subfield code="h">LG 996 1999 N8 B34</subfield>
  </datafield>
  <datafield tag="852" ind1="0" ind2=" ">
   <subfield code="a">UPMNL</subfield>
   <subfield code="b">UPMNL-MAIN</subfield>
   <subfield code="h">LG 996 1999 N8 B34</subfield>
  </datafield>
  <datafield tag="942" ind1=" " ind2=" ">
   <subfield code="a">Thesis</subfield>
  </datafield>
 </record>
</collection>
